000 00286nam a2200109Ia 4500
008 200302s9999 xx 000 0 und d
100 _aMaggie Toy
245 _aArchitectural Design The Power of Architecture
260 _bAcademy Edition Martins press
260 _c1995
300 _a95 P.,
999 _c1177
_d1177